00647 2200241 4500001002100000005001500021035002000036245006100056100001100117250000600128300003500134700001300169260004600182082000800228084001400236020002200250650004800272990001700320990001700337990001700354990001700371990001700388INLIS00000000000018720180907112459 a0010-09180000411 aCara Asyik Belajar Ejaan /cFarika; Penyunting, Aminudin0 aFarika a- aiv, 92 hlm. :bilus. ;c21 cm.0 aAminudin aBandung :bCV Nuansa Citra Grafika,c2006 a411 a411 FAR c a978-979-3711-30-2 aSistem Penulisan Bahasa Indonesia ( Ejaan ) a00799/P/2018 a00800/P/2018 a00801/P/2018 a00802/P/2018 a00803/P/2018